Construction World (Record no. 5736)

MARC details
000 -LEADER
fixed length control field 00247nam a22001097a 4500
005 - DATE AND TIME OF LATEST TRANSACTION
control field 20180912093027.0
008 - FIXED-LENGTH DATA ELEMENTS--GENERAL INFORMATION
fixed length control field 180912b xxu||||| |||| 00| 0 eng d
245 ## - TITLE STATEMENT
Title Construction World
260 ## - PUBLICATION, DISTRIBUTION, ETC. (IMPRINT)
Place of publication Mumbai
Name of publisher ASAPP
Year of publication 2018
300 ## - PHYSICAL DESCRIPTION
Number of Pages p182
942 ## - ADDED ENTRY ELEMENTS (KOHA)
Koha item type Journals/Serial
Holdings
Lost status Damaged status Home library Current library Shelving location Date acquired Source of acquisition Cost, normal purchase price Accession Number Koha item type
    JRU Library   Periodicals Section 12/09/2018 Purchase 2400.00 CW0001 Journals/Serial
    JRU Library   Periodicals Section 25/10/2018 Purchase   CW0002 Journals/Serial
    JRU Library   On Display 25/10/2018 Purchase   CW0003 Journals/Serial
    JRU Library     27/11/2018 Purchase   CW0004 Journals/Serial
    JRU Library   Periodicals Section 24/12/2018     CW0005 Journals/Serial
    JRU Library   Periodicals Section 17/01/2019 Purchase   CW0006 Journals/Serial
    JRU Library   Periodicals Section 22/02/2019 Purchase   CW0007 Journals/Serial
    JRU Library   Periodicals Section 16/03/2019 Purchase   CW0008 Journals/Serial
    JRU Library   Periodicals Section 26/04/2019 PURCHASE   CW0009 Journals/Serial
    JRU Library   Periodicals Section 15/05/2019 PURCHASE   CW0010 Journals/Serial
    JRU Library   Periodicals Section 27/06/2019     CW0011 Journals/Serial
    JRU Library   Periodicals Section 23/07/2019     CW0012 Journals/Serial